[Event "SUI-ch 111th"]
[Site "Leukerbad"]
[Date "2011.07.15"]
[Round "9"]
[White "Grinfeld, Alla B"]
[Black "Nuri, Kambez"]
[Result "0-1"]
[WhiteElo "2241"]
[BlackElo "2321"]
[PlyCount "108"]
[EventDate "2011.07.07"]
[EventType "swiss"]
[EventRounds "9"]
[EventCountry "SUI"]
[SourceTitle "CBM 143 Extra"]
[Source "ChessBase"]
[SourceDate "2011.08.29"]
[SourceVersion "1"]
[SourceVersionDate "2011.08.29"]
[SourceQuality "1"]

1. e4 c5 2. Nf3 Nc6 3. d4 cxd4 4. Nxd4 Nf6 5. Nc3 d6 6. Be2 e5 7. Nf3 h6 8. 0-0 Be7 9. h3 0-0 10. Re1 a6 11. Bf1 Nb8 12. a4 b6 13. Bc4 Bb7 14. Nd5 Nxd5 15. Bxd5 Bxd5 16. Qxd5 Nd7 17. c4 Qc7 18. b3 Nc5 19. Ra3 Ne6 20. Be3 Rab8 21. Ra2 Qb7 22. Rd1 Rfc8 23. Qxb7 Rxb7 24. Rd5 Kh7 25. Kf1 g6 26. g4 Rf8 27. Ke2 f5 28. gxf5 gxf5 29. exf5 Rxf5 30. Rd1 Rb8 31. Rg1 Rbf8 32. Rg3 Nf4+ 33. Bxf4 Rxf4 34. Rd2 e4 35. Nd4 Rxf2+ 36. Kd1 Rf1+ 37. Kc2 Bg5 38. Re2 R8f2 39. Rg2 Rc1+ 40. Kb2 Rxg2 41. Rxg2 Rh1 42. Re2 e3 43. Nf5 Bf4 44. Nxe3 Rxh3 45. Nd5 Be5+ 46. Kc2 a5 47. Rd2 h5 48. Nxb6 Rc3+ 49. Kd1 Rxb3 50. Nc8 h4 51. Nxd6 h3 52. Ne4 h2 53. Nf2 Rf3 54. Rd7+ Kg6 0-1

[Event "SUI-ch 111th"]
[Site "Leukerbad"]
[Date "2011.07.13"]
[Round "7"]
[White "Grinfeld, Alla B"]
[Black "Grandadam, Nicolas"]
[Result "1/2-1/2"]
[WhiteElo "2241"]
[BlackElo "2314"]
[PlyCount "102"]
[EventDate "2011.07.07"]
[EventType "swiss"]
[EventRounds "9"]
[EventCountry "SUI"]
[SourceTitle "CBM 143 Extra"]
[Source "ChessBase"]
[SourceDate "2011.08.29"]
[SourceVersion "1"]
[SourceVersionDate "2011.08.29"]
[SourceQuality "1"]

1. e4 e5 2. Nf3 Nc6 3. Nc3 Nf6 4. Bb5 Bb4 5. 0-0 0-0 6. d3 d6 7. Bxc6 bxc6 8. Ne2 Bg4 9. Ng3 Nh5 10. h3 Nxg3 11. fxg3 Bc5+ 12. Kh2 Be6 13. g4 f6 14. Qe2 a5 15. a4 Qb8 16. b3 Qb6 17. Bd2 Bb4 18. Be3 Qa6 19. Nh4 d5 20. Qf2 Rad8 21. Rad1 dxe4 22. dxe4 Rd6 23. c4 Rfd8 24. Qc2 Qc8 25. Nf5 Bxf5 26. gxf5 Qd7 27. Rxd6 Qxd6 28. Rf3 Qe7 29. Bc1 Rd4 30. Be3 Rd7 31. c5 Qf7 32. Rf1 Kf8 33. Rd1 Ke8 34. Rxd7 Qxd7 35. g4 Kd8 36. Kg2 Kc8 37. Kf2 g6 38. Ke2 gxf5 39. gxf5 Qf7 40. Kf1 Qh5 41. Kg2 Qh4 42. Qd3 Be1 43. Bg1 Kb7 44. Kf1 Bb4 45. Bf2 Qg5 46. Qe3 Qh5 47. Qd3 Ka7 48. Bg1 Qh4 49. Bf2 Qf4 50. Qe3 Qh2 51. Qf3 Kb7 1/2-1/2

[Event "SUI-ch 111th"]
[Site "Leukerbad"]
[Date "2011.07.11"]
[Round "5"]
[White "Grinfeld, Alla B"]
[Black "Domont, Alexandre"]
[Result "1/2-1/2"]
[WhiteElo "2241"]
[BlackElo "2377"]
[PlyCount "45"]
[EventDate "2011.07.07"]
[EventType "swiss"]
[EventRounds "9"]
[EventCountry "SUI"]
[SourceTitle "CBM 143 Extra"]
[Source "ChessBase"]
[SourceDate "2011.08.29"]
[SourceVersion "1"]
[SourceVersionDate "2011.08.29"]
[SourceQuality "1"]

1. e4 c5 2. Nf3 Nc6 3. d4 cxd4 4. Nxd4 e5 5. Nb5 d6 6. a4 Be6 7. N1c3 a6 8. Na3 Rc8 9. Nc4 Nd4 10. Ne3 Be7 11. Bd3 Bg5 12. Ncd5 Nf6 13. c3 Nc6 14. 0-0 0-0 15. Qf3 Na5 16. Bc2 Nc4 17. Nxc4 Bxc1 18. Nxf6+ gxf6 19. Rfxc1 Bxc4 20. Rd1 Qe7 21. Rd2 Kh8 22. Rad1 Rcd8 23. Qe3 1/2-1/2

[Event "SUI-ch op"]
[Site "Lenzerheide"]
[Date "2010.07.11"]
[Round "4"]
[White "Grinfeld, Alla B"]
[Black "Stoeri, Simon"]
[Result "1-0"]
[WhiteElo "2259"]
[BlackElo "2058"]
[PlyCount "69"]
[EventDate "2010.07.08"]
[EventType "swiss"]
[EventRounds "9"]
[EventCountry "SUI"]
[SourceTitle "CBM 137 Extra"]
[Source "ChessBase"]
[SourceDate "2010.09.01"]
[SourceVersion "1"]
[SourceVersionDate "2010.09.01"]
[SourceQuality "1"]

1. e4 c5 2. Nf3 d6 3. d4 cxd4 4. Nxd4 Nf6 5. Nc3 Nc6 6. f3 e6 7. Be3 Be7 8. Qd2 0-0 9. 0-0-0 a6 10. g4 Qc7 11. h4 Nxd4 12. Bxd4 b5 13. g5 Nd7 14. Kb1 Rd8 15. h5 Ne5 16. Qf2 Rb8 17. f4 b4 18. Na4 Nd7 19. g6 Qc6 20. gxh7+ Kxh7 21. b3 e5 22. fxe5 dxe5 23. Qxf7 Qf6 24. Qg6+ Qxg6 25. hxg6+ Kxg6 26. Be3 Nf6 27. Bd3 Kf7 28. Bb6 Re8 29. Bc7 Ra8 30. Bxe5 Be6 31. Bb2 Kg8 32. e5 Bd5 33. exf6 Bxh1 34. Bc4+ Kh7 35. Rxh1+ 1-0

[Event "SUI-ch op"]
[Site "Samnaun"]
[Date "2008.07.12"]
[Round "3"]
[White "Ulybin, Mikhail"]
[Black "Grinfeld, Alla B"]
[Result "1-0"]
[WhiteElo "2520"]
[BlackElo "2255"]
[PlyCount "39"]
[EventDate "2008.07.08"]
[EventType "tourn"]
[EventRounds "9"]
[EventCountry "SUI"]
[SourceTitle "CBM 125 Extra"]
[Source "ChessBase"]
[SourceDate "2008.09.01"]
[SourceVersion "1"]
[SourceVersionDate "2008.09.01"]
[SourceQuality "1"]

1. c4 e6 2. Nf3 Nf6 3. g3 d5 4. d4 dxc4 5. Bg2 c5 6. 0-0 a6 7. dxc5 Qxd1 8. Rxd1 Nc6 9. Nbd2 Bxc5 10. Nxc4 Ng4 11. Nd6+ Ke7 12. Ne4 Ba7 13. b3 b5 14. Ba3+ b4 15. Rac1 bxa3 16. Rxc6 Bb8 17. Nd4 Bd7 18. Nc5 Be5 19. Nxd7 Bxd4 20. Rxd4 1-0

[Event "MK Cafe Cup-A"]
[Site "Koszalin"]
[Date "1997.08.11"]
[Round "10"]
[White "Novikov, Yury A"]
[Black "Grinfeld, Alla B"]
[Result "1/2-1/2"]
[WhiteElo "2370"]
[BlackElo "2275"]
[PlyCount "27"]
[EventDate "1997.08.03"]
[EventType "swiss"]
[EventRounds "10"]
[EventCountry "POL"]
[SourceTitle "CBM 059 Extra"]
[Source "ChessBase"]
[SourceDate "1997.09.26"]
[SourceVersion "1"]
[SourceVersionDate "1997.09.26"]
[SourceQuality "1"]

1. e4 e6 2. d4 d5 3. Nc3 Bb4 4. e5 Ne7 5. a3 Bxc3+ 6. bxc3 b6 7. Qg4 Ng6 8. h4 h5 9. Qd1 Ba6 10. Bxa6 Nxa6 11. Bg5 Qd7 12. Ne2 Qc6 13. 0-0 Ne7 14. Qd2 1/2-1/2

[Event "MK Cafe Cup-A"]
[Site "Koszalin"]
[Date "1997.08.09"]
[Round "8"]
[White "Grigoryan, Meri"]
[Black "Grinfeld, Alla B"]
[Result "0-1"]
[WhiteElo "2085"]
[BlackElo "2275"]
[PlyCount "114"]
[EventDate "1997.08.03"]
[EventType "swiss"]
[EventRounds "10"]
[EventCountry "POL"]
[SourceTitle "CBM 059 Extra"]
[Source "ChessBase"]
[SourceDate "1997.09.26"]
[SourceVersion "1"]
[SourceVersionDate "1997.09.26"]
[SourceQuality "1"]

1. d4 e6 2. Nf3 f5 3. g3 Nf6 4. Bg2 d5 5. c4 c6 6. cxd5 exd5 7. 0-0 Bd6 8. Qc2 Qe7 9. Nh4 0-0 10. Bg5 Qe8 11. Nc3 Ne4 12. Bc1 Be7 13. Nf3 Bf6 14. Bf4 Nd7 15. h4 h6 16. Qc1 Qh5 17. Nh2 Bxd4 18. Bf3 Qf7 19. Nd1 Bf6 20. Ne3 Ne5 21. Bg2 Ng6 22. Nd1 Re8 23. Nf3 Kh7 24. Kh2 Bd7 25. Rh1 Rac8 26. Kg1 b6 27. Rb1 c5 28. Ng5+ Nxg5 29. hxg5 Nxf4 30. Qxf4 Be5 31. Qh4 Be6 32. f4 Bd6 33. Bf3 Rh8 34. gxh6 g6 35. Nf2 Be7 36. Qh2 d4 37. Nd3 Bf6 38. a3 Bd5 39. Qg2 Rcd8 40. g4 fxg4 41. Qxg4 Be6 42. Qg3 Bf5 43. Rc1 Rhe8 44. Nf2 c4 45. Ng4 Bh8 46. Rh2 Re7 47. Ne5 Bxe5 48. fxe5 Qe6 49. Rh4 b5 50. Rd1 Qb6 51. Qf2 c3 52. bxc3 dxc3 53. Rxd8 Qxd8 54. Rd4 Qc7 55. Rd1 Qxe5 56. Rd5 c2 57. Qe1 Qe3+ 0-1

[Event "Svetlogorsk op (Women)"]
[Site "Svetlogorsk"]
[Date "1997.??.??"]
[Round "7"]
[White "Eidelson, Rakhil"]
[Black "Grinfeld, Alla B"]
[Result "1-0"]
[WhiteElo "2280"]
[BlackElo "2280"]
[PlyCount "117"]
[EventDate "1997.??.??"]
[EventType "swiss"]
[EventRounds "9"]
[EventCountry "RUS"]
[SourceTitle "EXT 1998"]
[Source "ChessBase"]
[SourceDate "1997.11.17"]
[SourceVersion "1"]
[SourceVersionDate "1997.11.17"]
[SourceQuality "1"]

1. e4 e6 2. d4 d5 3. e5 c5 4. c3 Qb6 5. a3 Nc6 6. Nf3 c4 7. Be2 Bd7 8. 0-0 h6 9. Nbd2 Na5 10. Rb1 Ne7 11. Ne1 Nb3 12. Nxb3 Ba4 13. Qd2 Bxb3 14. Qf4 Nc6 15. Bh5 Qc7 16. Be3 Qe7 17. Rc1 Na5 18. Be2 0-0-0 19. Nf3 Kb8 20. Nd2 Ka8 21. Nxb3 Nxb3 22. Rb1 Qe8 23. Bd1 Na5 24. Bc2 Be7 25. Qg4 Qf8 26. Qe2 Rc8 27. f4 g6 28. g4 Qg8 29. Kh1 f5 30. exf6 Bxf6 31. Rbe1 Nc6 32. Bc1 Nd8 33. Qf3 a6 34. b3 cxb3 35. Bxb3 h5 36. g5 Bg7 37. Qd3 Qf7 38. c4 dxc4 39. Bxc4 Qd7 40. d5 exd5 41. Qxd5 Qc6 42. Qxc6 Rxc6 43. Bd5 Rd6 44. Bg2 Nc6 45. Be3 Bd4 46. Bxc6 Bxe3 47. Bxb7+ Kxb7 48. Rxe3 Rf8 49. Kg2 Kb6 50. Rb1+ Ka7 51. Kg3 Rc8 52. Rbe1 Rcc6 53. f5 gxf5 54. Kf4 Rd2 55. R1e2 Rd1 56. Kxf5 Rc4 57. g6 Rg4 58. Rg3 Rf1+ 59. Ke5 1-0

[Event "Svetlogorsk op (Women)"]
[Site "Svetlogorsk"]
[Date "1997.??.??"]
[Round "3"]
[White "Grinfeld, Alla B"]
[Black "Dabrowska, Krystyna"]
[Result "1/2-1/2"]
[WhiteElo "2280"]
[BlackElo "2250"]
[PlyCount "35"]
[EventDate "1997.??.??"]
[EventType "swiss"]
[EventRounds "9"]
[EventCountry "RUS"]
[SourceTitle "EXT 1998"]
[Source "ChessBase"]
[SourceDate "1997.11.17"]
[SourceVersion "1"]
[SourceVersionDate "1997.11.17"]
[SourceQuality "1"]

1. e4 e5 2. Nf3 Nc6 3. Nc3 Nf6 4. Bb5 Bb4 5. 0-0 0-0 6. d3 d6 7. Bxc6 bxc6 8. Ne2 Re8 9. Ng3 d5 10. Bd2 Bd6 11. Re1 Nd7 12. Bc3 f6 13. h4 Nf8 14. Nh2 Ng6 15. h5 Nf4 16. Qf3 Be6 17. Bd2 Qd7 18. Rad1 1/2-1/2

[Event "Ljubljana op 8th"]
[Site "Ljubljana"]
[Date "1997.??.??"]
[Round "5"]
[White "Grinfeld, Alla B"]
[Black "Sher, Miron Naumovich"]
[Result "0-1"]
[WhiteElo "2280"]
[BlackElo "2470"]
[PlyCount "34"]
[EventDate "1997.06.??"]
[EventType "swiss"]
[EventRounds "9"]
[EventCountry "SLO"]
[SourceTitle "EXT 1998"]
[Source "ChessBase"]
[SourceDate "1997.11.17"]
[SourceVersion "1"]
[SourceVersionDate "1997.11.17"]
[SourceQuality "1"]

1. e4 c5 2. Nf3 d6 3. d4 Nf6 4. Nc3 cxd4 5. Nxd4 Nc6 6. Be2 g6 7. Be3 Bg7 8. 0-0 0-0 9. Qd2 Ng4 10. Bxg4 Bxg4 11. f4 Nxd4 12. Bxd4 e5 13. Be3 exf4 14. Rxf4 Be6 15. Rf2 Be5 16. Bd4 Rc8 17. Nd5 Rxc2 0-1

[Event "Cappelle op 13th"]
[Site "Cappelle la Grande"]
[Date "1997.??.??"]
[Round "3"]
[White "Matlak, Marek"]
[Black "Grinfeld, Alla B"]
[Result "1/2-1/2"]
[WhiteElo "2455"]
[BlackElo "2280"]
[PlyCount "61"]
[EventDate "1997.02.15"]
[EventType "swiss"]
[EventRounds "9"]
[EventCountry "FRA"]
[SourceTitle "CBM 057 Extra"]
[Source "ChessBase"]
[SourceDate "1997.05.01"]
[SourceVersion "1"]
[SourceVersionDate "1997.05.01"]
[SourceQuality "1"]

1. d4 e6 2. Nf3 f5 3. g3 Nf6 4. Bg2 d5 5. 0-0 Bd6 6. b3 Qe7 7. c4 c6 8. Bb2 b6 9. Ne5 Bb7 10. Nd2 0-0 11. Rc1 a5 12. e3 Na6 13. Qe2 Ne4 14. Nb1 c5 15. f3 Nf6 16. Nc3 Rac8 17. Rfd1 Rfd8 18. Nb5 Bb8 19. Kh1 Nc7 20. Nc3 Na6 21. a3 Kh8 22. h3 Kg8 23. Kh2 Bd6 24. Nb5 Bb8 25. Bf1 Nc7 26. Nc3 Nce8 27. Bg2 Bd6 28. Nb5 Bb8 29. Nc3 Bd6 30. Nb5 Bb8 31. Nc3 1/2-1/2

[Event "Ljubljana op 8th"]
[Site "Ljubljana"]
[Date "1997.??.??"]
[Round "4"]
[White "Mikac, Matjaz"]
[Black "Grinfeld, Alla B"]
[Result "1/2-1/2"]
[WhiteElo "2440"]
[BlackElo "2280"]
[PlyCount "54"]
[EventDate "1997.06.??"]
[EventType "swiss"]
[EventRounds "9"]
[EventCountry "SLO"]
[SourceTitle "EXT 1998"]
[Source "ChessBase"]
[SourceDate "1997.11.17"]
[SourceVersion "1"]
[SourceVersionDate "1997.11.17"]
[SourceQuality "1"]

1. Nf3 d5 2. d4 Nf6 3. c4 dxc4 4. e3 e6 5. Bxc4 c5 6. 0-0 a6 7. a4 Nc6 8. Qe2 Qc7 9. Nc3 Bd6 10. Rd1 0-0 11. h3 b6 12. dxc5 bxc5 13. Bd2 Bb7 14. Rac1 Rfd8 15. Be1 h6 16. Nb1 e5 17. Bc3 e4 18. Nh4 Ne5 19. Nf5 Bf8 20. Rxd8 Rxd8 21. Bxa6 Nd3 22. Bxf6 gxf6 23. Bxb7 Nxc1 24. Qb5 Kh8 25. Bxe4 Qe5 26. Nc3 Rd2 27. f4 Qe6 1/2-1/2

[Event "Hastings Challengers 9596"]
[Site "Hastings"]
[Date "1995.??.??"]
[Round "1"]
[White "Arkell, Keith C"]
[Black "Grinfeld, Alla B"]
[Result "1-0"]
[WhiteElo "2505"]
[BlackElo "2280"]
[PlyCount "63"]
[EventDate "1995.12.??"]
[EventType "swiss"]
[EventRounds "11"]
[EventCountry "ENG"]
[SourceTitle "EXT 1998"]
[Source "ChessBase"]
[SourceDate "1997.11.17"]
[SourceVersion "1"]
[SourceVersionDate "1997.11.17"]
[SourceQuality "1"]

1. d4 d5 2. c4 dxc4 3. e4 Nf6 4. Nc3 e5 5. Nf3 exd4 6. Qxd4 Bd6 7. Bg5 Nc6 8. Qxc4 h6 9. Bh4 Be6 10. Qa4 0-0 11. Be2 a6 12. Rd1 Qe7 13. 0-0 Ne5 14. Nxe5 Bxe5 15. f4 Bxc3 16. bxc3 Qc5+ 17. Kh1 Qxc3 18. Rc1 Qe3 19. Bxf6 Qxe2 20. Ba1 Rfd8 21. f5 Rd2 22. Rg1 Bd7 23. Qa5 Rxa2 24. Qe5 f6 25. Qd5+ Kh8 26. Qxd7 Qxe4 27. Qf7 Rc2 28. Bxf6 gxf6 29. Qxf6+ Kh7 30. Qg6+ Kh8 31. Qxh6+ Kg8 32. f6 1-0

[Event "Wisla op (Women)"]
[Site "Warsaw"]
[Date "1995.??.??"]
[Round "7"]
[White "Grinfeld, Alla B"]
[Black "Zimny, Joanna"]
[Result "1-0"]
[WhiteElo "2050"]
[BlackElo "2165"]
[PlyCount "77"]
[EventDate "1995.??.??"]
[EventType "swiss"]
[EventRounds "9"]
[EventCountry "POL"]
[SourceTitle "EXT 2006"]
[Source "ChessBase"]
[SourceDate "2005.11.24"]
[SourceVersion "1"]
[SourceVersionDate "2005.11.24"]
[SourceQuality "1"]

1. e4 e6 2. d4 d5 3. Nc3 Nf6 4. Bg5 Be7 5. e5 Nfd7 6. Bxe7 Qxe7 7. f4 c5 8. Nb5 0-0 9. Nc7 f6 10. Nxa8 fxe5 11. Qd2 Rxf4 12. Ne2 Re4 13. 0-0-0 cxd4 14. Ng3 Re3 15. Bd3 Nc5 16. Kb1 b6 17. Rhe1 Rxe1 18. Rxe1 e4 19. Bb5 e5 20. b4 e3 21. Qe2 Ne6 22. a3 Nf4 23. Qf3 Qd6 24. Nh5 Ba6 25. Nxf4 exf4 26. Nc7 Bb7 27. Ne8 Qe5 28. Rf1 a6 29. Bd3 Qxe8 30. Qxf4 Nc6 31. Qf5 g6 32. Qxd5+ Kg7 33. Qd6 e2 34. Qf6+ Kh6 35. Re1 Qe3 36. Rxe2 Qg1+ 37. Kb2 Qxh2 38. Bxg6 Qg3 39. Bf7+ 1-0

[Event "Hastings op 9495"]
[Site "Hastings"]
[Date "1995.??.??"]
[Round "4"]
[White "Ward, Christopher"]
[Black "Grinfeld, Alla B"]
[Result "1-0"]
[WhiteElo "2485"]
[BlackElo "2285"]
[PlyCount "161"]
[EventDate "1994.12.??"]
[EventType "swiss"]
[EventRounds "9"]
[EventCountry "ENG"]
[SourceTitle "EXT 1997"]
[Source "ChessBase"]
[SourceDate "1996.11.15"]
[SourceVersion "1"]
[SourceVersionDate "1996.11.15"]
[SourceQuality "1"]

1. d4 d5 2. c4 dxc4 3. e4 Nf6 4. e5 Nd5 5. Bxc4 Nb6 6. Bb3 Nc6 7. Nf3 Bg4 8. Bxf7+ Kxf7 9. Ng5+ Ke8 10. Qxg4 Qxd4 11. Qe2 Qxe5 12. Be3 Nd5 13. Nf3 Qf5 14. 0-0 e6 15. Bd2 Bd6 16. Re1 Kd7 17. Nc3 Rae8 18. Ne4 Rhf8 19. Rac1 h6 20. b4 Qh5 21. Nxd6 cxd6 22. b5 Ne5 23. Nxe5+ Qxe5 24. Qxe5 dxe5 25. Rxe5 Rc8 26. Ree1 a6 27. bxa6 bxa6 28. Kf1 Rb8 29. Rb1 Rb5 30. a4 Rbb8 31. Ke2 Rfc8 32. Kd3 Kd6 33. f4 Rf8 34. g3 g6 35. Rec1 h5 36. Be1 Kd7 37. Ke4 Nf6+ 38. Kd4 Nd5 39. Bd2 Rfe8 40. Ke5 Rf8 41. Ke4 Nf6+ 42. Kd3 Nd5 43. Be3 Nb4+ 44. Ke4 Nd5 45. Bd4 a5 46. Rxb8 Rxb8 47. Rc5 Ne7 48. Bc3 Nc6 49. Rg5 Rb3 50. Kd3 Ra3 51. Rxg6 Ne7 52. Rg7 Ke8 53. Kc2 Rxa4 54. Rh7 Nd5 55. Kb3 Re4 56. Bxa5 Nf6 57. Rh6 Kf7 58. Bc3 Nd5 59. Be5 Re3+ 60. Kc4 Re4+ 61. Kc5 Ra4 62. Kb5 Ra2 63. Rxh5 Ne3 64. h3 Nd5 65. Rg5 Rh2 66. h4 Rh1 67. h5 Ne7 68. Kc5 Nf5 69. g4 Ne3 70. Kd4 Rh3 71. Rg6 Nc2+ 72. Kc5 Ne3 73. Bd4 Nc2 74. Rf6+ Ke7 75. Rh6 Ra3 76. Rh7+ Kf8 77. g5 Ra5+ 78. Kb6 Rf5 79. Rh8+ Ke7 80. Bf6+ Kf7 81. Be5 1-0

[Event "Bled op (Women)"]
[Site "Bled"]
[Date "1994.??.??"]
[Round "?"]
[White "Grabics, Monika"]
[Black "Grinfeld, Alla B"]
[Result "0-1"]
[WhiteElo "2295"]
[BlackElo "2255"]
[PlyCount "61"]
[EventDate "1994.03.??"]
[EventType "swiss"]
[EventRounds "9"]
[EventCountry "SLO"]
[SourceTitle "EXT 1997"]
[Source "ChessBase"]
[SourceDate "1996.11.15"]
[SourceVersion "1"]
[SourceVersionDate "1996.11.15"]
[SourceQuality "1"]

1. e4 e6 2. d4 d5 3. Nc3 Bb4 4. e5 Ne7 5. a3 Bxc3+ 6. bxc3 b6 7. Qg4 Ng6 8. h4 h5 9. Qg3 Ba6 10. Ne2 Qd7 11. Nf4 Nxf4 12. Bxf4 Kf8 13. Bxa6 Nxa6 14. Qd3 Nb8 15. g4 Qa4 16. Rg1 g6 17. Qd2 hxg4 18. Bh6+ Ke8 19. Rxg4 Qc4 20. Rg3 Nc6 21. h5 gxh5 22. Qg5 Ne7 23. Bg7 Rg8 24. Qxh5 Nf5 25. Qh7 Kd7 26. Kd2 Nxg3 27. fxg3 c5 28. Bh6 cxd4 29. Qxf7+ Kc6 30. Qxe6+ Kb7 31. Rb1 0-1

[Event "Ljubljana op 5th"]
[Site "Ljubljana"]
[Date "1994.??.??"]
[Round "?"]
[White "Grinfeld, Alla B"]
[Black "Misanovic, Vesna"]
[Result "0-1"]
[WhiteElo "2255"]
[BlackElo "2340"]
[PlyCount "120"]
[EventDate "1994.06.??"]
[EventType "swiss"]
[EventRounds "9"]
[EventCountry "SLO"]
[SourceTitle "TD"]
[Source "ChessBase"]
[SourceDate "1994.03.01"]
[SourceVersion "1"]
[SourceVersionDate "1994.03.01"]
[SourceQuality "1"]

1. e4 d5 2. exd5 Nf6 3. d4 Nxd5 4. Be2 g6 5. Nf3 Bg7 6. 0-0 0-0 7. h3 Nc6 8. Re1 Nb6 9. c3 e5 10. dxe5 Nxe5 11. Nxe5 Bxe5 12. Qxd8 Rxd8 13. Bf3 f6 14. Nd2 c6 15. a4 a5 16. Bd1 Bf5 17. Bb3+ Kg7 18. Nf3 Bd6 19. Nd4 Bd7 20. Be3 Nd5 21. Bxd5 cxd5 22. Nb5 Bxb5 23. axb5 a4 24. Bd4 Kf7 25. Re2 Re8 26. Rxe8 Rxe8 27. Kf1 Ra8 28. Ke2 Ra5 29. b6 Ke6 30. Kd3 Be5 31. b4 Ra6 32. Ra3 Kd6 33. g3 Kc6 34. Bc5 Bd6 35. Bxd6 Kxd6 36. c4 Ra8 37. c5+ Kc6 38. Kc3 Kb5 39. Ra2 Re8 40. Rd2 Re4 41. Rxd5 Rc4+ 42. Kb2 Rxb4+ 43. Ka3 Rb3+ 44. Ka2 Kc6 45. Rd6+ Kxc5 46. Rxf6 Rxb6 47. Rf7 h5 48. Ka3 Kb5 49. Re7 Ka5 50. Rg7 Rb3+ 51. Ka2 b5 52. Rxg6 Rf3 53. g4 Rxf2+ 54. Kb1 hxg4 55. Rxg4 Rh2 56. h4 a3 57. Rf4 b4 58. Rg4 a2+ 59. Ka1 b3 60. Rg1 Ka4 0-1

[Event "Farum op (Women)"]
[Site "Farum"]
[Date "1993.??.??"]
[Round "2"]
[White "Erenska Barlo, Hanna"]
[Black "Grinfeld, Alla B"]
[Result "1/2-1/2"]
[WhiteElo "2210"]
[BlackElo "2245"]
[PlyCount "50"]
[EventDate "1993.10.??"]
[EventType "swiss"]
[EventRounds "9"]
[EventCountry "DEN"]
[SourceTitle "EXT 1997"]
[Source "ChessBase"]
[SourceDate "1996.11.15"]
[SourceVersion "1"]
[SourceVersionDate "1996.11.15"]
[SourceQuality "1"]

1. e4 e6 2. d4 d5 3. Nc3 Bb4 4. e5 Ne7 5. a3 Bxc3+ 6. bxc3 b6 7. Qg4 Ng6 8. h4 h5 9. Qg3 Ba6 10. Bxa6 Nxa6 11. Qd3 Nb8 12. Bg5 Qd7 13. a4 Nc6 14. Ne2 Na5 15. 0-0 Ne7 16. Nc1 Nc4 17. Ra2 Nf5 18. Nb3 a5 19. g3 Rc8 20. Re1 c5 21. Qd1 Qc7 22. Kh2 Kd7 23. Nc1 Qc6 24. Nb3 Qc7 25. Nc1 Qc6 1/2-1/2

[Event "Silvaplana (Women)"]
[Site "Silvaplana"]
[Date "1993.??.??"]
[Round "?"]
[White "Grinfeld, Alla B"]
[Black "Ankerst, Milka"]
[Result "1-0"]
[WhiteElo "2245"]
[BlackElo "2130"]
[PlyCount "75"]
[EventDate "1993.??.??"]
[EventType "tourn"]
[EventRounds "9"]
[EventCountry "SUI"]
[SourceTitle "EXT 1997"]
[Source "ChessBase"]
[SourceDate "1996.11.15"]
[SourceVersion "1"]
[SourceVersionDate "1996.11.15"]
[SourceQuality "1"]

1. e4 c5 2. Nf3 Nc6 3. d4 cxd4 4. Nxd4 g6 5. Nc3 Bg7 6. Nde2 Nf6 7. g3 0-0 8. Bg2 d6 9. h3 Rb8 10. a4 a6 11. 0-0 b5 12. axb5 axb5 13. Nd5 Nd7 14. Kh2 e6 15. Ne3 Qc7 16. f4 f5 17. exf5 gxf5 18. Nd5 Qd8 19. Ne3 Qc7 20. Rb1 Nc5 21. b3 Bb7 22. Bb2 Rbd8 23. Qe1 Ne4 24. g4 Bxb2 25. Rxb2 Qg7 26. Ra2 Nd4 27. Ra7 Rd7 28. Rg1 Nxe2 29. Qxe2 Qd4 30. Raa1 Nc3 31. Qf2 fxg4 32. Bxb7 Rxb7 33. Rxg4+ Kh8 34. Rag1 Rbf7 35. Qg3 Qxf4 36. Rxf4 Ne2 37. Rxf7 Nxg3 38. Rxf8+ 1-0

[Event "Silvaplana (Women)"]
[Site "Silvaplana"]
[Date "1993.??.??"]
[Round "?"]
[White "Grinfeld, Alla B"]
[Black "Ramseier, Jana S"]
[Result "1-0"]
[WhiteElo "2245"]
[BlackElo "2140"]
[PlyCount "81"]
[EventDate "1993.??.??"]
[EventType "tourn"]
[EventRounds "9"]
[EventCountry "SUI"]
[SourceTitle "EXT 1997"]
[Source "ChessBase"]
[SourceDate "1996.11.15"]
[SourceVersion "1"]
[SourceVersionDate "1996.11.15"]
[SourceQuality "1"]

1. e4 c5 2. Nf3 Nc6 3. d4 cxd4 4. Nxd4 Nf6 5. Nc3 d6 6. Bg5 e6 7. Qd2 a6 8. 0-0-0 h6 9. Bf4 Bd7 10. Nxc6 Bxc6 11. f3 e5 12. Be3 b5 13. Kb1 Be7 14. g4 Qb8 15. h4 b4 16. Nd5 Bxd5 17. exd5 Qb7 18. Bh3 a5 19. g5 Ng8 20. f4 f6 21. Qd3 Bf8 22. fxe5 fxe5 23. Be6 Ne7 24. Rhf1 a4 25. Rf7 Qa6 26. Qd2 Qb5 27. Rdf1 b3 28. cxb3 axb3 29. a3 Qc4 30. Qf2 Qc2+ 31. Qxc2 bxc2+ 32. Kxc2 Ra4 33. h5 Rh4 34. R7f2 Re4 35. Kd3 Ra4 36. Rc1 Ra8 37. Rc4 Ra5 38. Ke4 Rb5 39. b4 Kd8 40. g6 Rb8 41. a4 1-0

[Event "Farum op (Women)"]
[Site "Farum"]
[Date "1993.??.??"]
[Round "1"]
[White "Grinfeld, Alla B"]
[Black "Stewart, Tanya"]
[Result "1-0"]
[WhiteElo "2245"]
[BlackElo "2090"]
[PlyCount "50"]
[EventDate "1993.10.??"]
[EventType "swiss"]
[EventRounds "9"]
[EventCountry "DEN"]
[SourceTitle "EXT 1997"]
[Source "ChessBase"]
[SourceDate "1996.11.15"]
[SourceVersion "1"]
[SourceVersionDate "1996.11.15"]
[SourceQuality "1"]

1. e4 c6 2. d4 d5 3. Nc3 dxe4 4. Nxe4 Nf6 5. Nxf6+ gxf6 6. Qd3 Bg4 7. Ne2 e6 8. Ng3 e5 9. Be3 Nd7 10. f4 Qc7 11. Qe4 h5 12. dxe5 fxe5 13. fxe5 0-0-0 14. h3 f5 15. Nxf5 Bxf5 16. Qxf5 Qxe5 17. Qxe5 Nxe5 18. Be2 b6 19. 0-0 Bd6 20. Bg5 Rd7 21. Rad1 Kc7 22. Bf6 Rhh7 23. Rf5 Rdf7 24. Rdf1 Nd7 25. Bxh5 Rf8 1-0

[Event "Farum op (Women)"]
[Site "Farum"]
[Date "1993.??.??"]
[Round "7"]
[White "Grinfeld, Alla B"]
[Black "Sziva, Erika"]
[Result "0-1"]
[WhiteElo "2245"]
[BlackElo "2235"]
[PlyCount "66"]
[EventDate "1993.10.??"]
[EventType "swiss"]
[EventRounds "9"]
[EventCountry "DEN"]
[SourceTitle "EXT 1997"]
[Source "ChessBase"]
[SourceDate "1996.11.15"]
[SourceVersion "1"]
[SourceVersionDate "1996.11.15"]
[SourceQuality "1"]

1. e4 c5 2. Nf3 e6 3. Nc3 Nc6 4. d4 cxd4 5. Nxd4 Qc7 6. Nb3 a6 7. Bd3 Nf6 8. 0-0 Be7 9. f4 d6 10. Kh1 b5 11. a3 Bb7 12. Qe2 0-0 13. Bd2 Rfe8 14. Rae1 b4 15. axb4 Nxb4 16. Nb5 axb5 17. Bxb4 Reb8 18. Nd2 Bc6 19. e5 Nd5 20. Bxd6 Bxd6 21. exd6 Qxd6 22. Ne4 Qd7 23. Qh5 g6 24. Qh6 Re8 25. Ng5 f5 26. c3 Nf6 27. Bb1 Bd5 28. Qh4 Kg7 29. Nf3 Qb7 30. Rf2 b4 31. cxb4 Qxb4 32. Rfe2 Ra4 33. Bc2 Ra2 0-1